[Event "ISR-ch (Women)"]
[Site "Arad"]
[Date "2022.12.09"]
[Round "5"]
[White "Efroimski, Marsel"]
[Black "Brusilovski, Lena"]
[Result "1-0"]
[WhiteElo "2470"]
[BlackElo "1800"]
[PlyCount "59"]
[EventDate "2022.12.05"]
[EventType "tourn"]
[EventRounds "9"]
[EventCountry "ISR"]
[SourceTitle "CBM 211 Extra"]
[Source "ChessBase"]
[SourceDate "2023.01.31"]
[SourceVersion "1"]
[SourceVersionDate "2023.01.31"]
[SourceQuality "1"]

1. e4 c5 2. Nc3 Nc6 3. Bb5 a6 4. Bxc6 dxc6 5. d3 e5 6. Be3 b5 7. Nge2 Be6 8. f4 f6 9. 0-0 Qc7 10. Qe1 exf4 11. Nxf4 Bf7 12. Qf2 c4 13. d4 Bd6 14. Rae1 0-0-0 15. Kh1 Re8 16. a3 h5 17. Nfe2 Nh6 18. Bf4 Bg6 19. Qg3 Bxf4 20. Qxf4 Qd7 21. b4 Qg4 22. Qxg4+ Nxg4 23. Nf4 Bf7 24. h3 Nh6 25. d5 Re5 26. dxc6 Be8 27. Rd1 Kc7 28. Rd4 f5 29. Rd5 Re7 30. Rc5 1-0

[Event "ISR-ch op"]
[Site "Safed"]
[Date "2021.12.08"]
[Round "1"]
[White "Yaniv, Yuval"]
[Black "Brusilovski, Lena"]
[Result "1-0"]
[WhiteElo "2375"]
[BlackElo "1836"]
[PlyCount "63"]
[EventDate "2021.12.08"]
[EventType "swiss"]
[EventRounds "9"]
[EventCountry "ISR"]
[SourceTitle "CBM 205 Extra"]
[Source "ChessBase"]
[SourceDate "2022.01.31"]
[SourceVersion "1"]
[SourceVersionDate "2022.01.31"]
[SourceQuality "1"]

1. e4 c5 2. Nf3 Nc6 3. Bb5 Nd4 4. Nxd4 cxd4 5. 0-0 e5 6. d3 a6 7. Bc4 Nf6 8. f4 d6 9. Nd2 Be7 10. Nf3 Bg4 11. fxe5 Bxf3 12. Qxf3 dxe5 13. Qg3 0-0 14. Qxe5 Bd6 15. Qf5 Qc7 16. Bf4 Rae8 17. Bxd6 Qxd6 18. Rf2 Re5 19. Qf4 Rfe8 20. Raf1 b5 21. Bb3 a5 22. Qg3 Kf8 23. Qh4 Ke7 24. Rf5 a4 25. Rxe5+ Qxe5 26. Rf5 Qb8 27. e5 axb3 28. exf6+ Kf8 29. Qxh7 Re1+ 30. Kf2 Re2+ 31. Kxe2 Qe8+ 32. Kf1 1-0

[Event "ISR-ch (Women)"]
[Site "Maalot Tarshiha"]
[Date "2018.12.12"]
[Round "1"]
[White "Klinova, Masha"]
[Black "Brusilovski, Lena"]
[Result "1-0"]
[WhiteElo "2267"]
[BlackElo "1886"]
[PlyCount "55"]
[EventDate "2018.12.12"]
[EventType "swiss"]
[EventRounds "9"]
[EventCountry "ISR"]
[SourceTitle "CBM 187 Extra"]
[Source "ChessBase"]
[SourceDate "2018.11.04"]
[SourceVersion "1"]
[SourceVersionDate "2018.11.04"]
[SourceQuality "1"]

1. e4 c5 2. Nf3 d6 3. Bb5+ Bd7 4. Bxd7+ Qxd7 5. 0-0 Nc6 6. c3 g6 7. d4 cxd4 8. cxd4 Bg7 9. Nc3 Rd8 10. Be3 b6 11. Rc1 Nf6 12. d5 Ne5 13. Nxe5 dxe5 14. f3 0-0 15. Qb3 Rc8 16. a4 Ne8 17. Qb5 Qb7 18. Qb4 Nd6 19. Nb5 Qd7 20. Nxd6 Qxd6 21. Qxd6 exd6 22. Rc6 Rxc6 23. dxc6 Rc8 24. Rc1 Rc7 25. b4 Kf8 26. b5 Ke7 27. a5 bxa5 28. Bxa7 1-0

[Event "EU-Cup (Women) 22nd"]
[Site "Antalya"]
[Date "2017.10.14"]
[Round "7.3"]
[White "Brusilovski, Lena"]
[Black "Voit, Daria"]
[Result "0-1"]
[WhiteElo "1881"]
[BlackElo "2387"]
[PlyCount "56"]
[EventDate "2017.10.08"]
[EventType "team-swiss"]
[EventRounds "7"]
[EventCountry "TUR"]
[SourceTitle "CBM 181 Extra"]
[Source "ChessBase"]
[SourceDate "2017.12.12"]
[SourceVersion "1"]
[SourceVersionDate "2017.12.12"]
[SourceQuality "1"]
[WhiteTeam "Beer Sheva (W)"]
[BlackTeam "Legacy Square Capital (W)"]
[WhiteTeamCountry "ISR"]
[BlackTeamCountry "RUS"]

1. e4 c5 2. Nf3 d6 3. d4 cxd4 4. Nxd4 Nf6 5. Nc3 a6 6. Bg5 e6 7. f4 Be7 8. Qf3 Nbd7 9. g4 h6 10. Bxf6 Bxf6 11. 0-0-0 g5 12. f5 Ne5 13. Qg3 Bd7 14. Be2 b5 15. fxe6 fxe6 16. Rhf1 0-0 17. Nb1 Rc8 18. Qb3 Nc4 19. Bxc4 Rxc4 20. Nf3 Rxe4 21. Rxd6 Be5 22. Qd3 Bxd6 23. Qxe4 Bf4+ 24. Nbd2 Qf6 25. Kb1 e5 26. h3 Bxd2 27. Qd5+ Be6 28. Qxd2 e4 0-1

[Event "ISR-chT 1415 (Women)"]
[Site "Beersheba"]
[Date "2015.06.11"]
[Round "1.1"]
[White "Efroimski, Marsel"]
[Black "Brusilovski, Lena"]
[Result "1-0"]
[WhiteElo "2244"]
[BlackElo "1960"]
[PlyCount "82"]
[EventDate "2015.06.11"]
[EventType "team-tourn"]
[EventRounds "5"]
[EventCountry "ISR"]
[SourceTitle "EXT 2016"]
[Source "ChessBase"]
[SourceDate "2015.10.08"]
[SourceVersion "1"]
[SourceVersionDate "2015.10.08"]
[SourceQuality "1"]
[WhiteTeam "Rishon Le Zion (W)"]
[BlackTeam "Beer Sheva (W)"]
[WhiteTeamCountry "ISR"]
[BlackTeamCountry "ISR"]

1. e4 c5 2. Nf3 d6 3. d4 cxd4 4. Nxd4 Nf6 5. Nc3 g6 6. Be3 Bg7 7. h3 Nc6 8. Bc4 0-0 9. Bb3 e5 10. Ndb5 Ne8 11. Nd5 Be6 12. Nbc3 Na5 13. Qd2 Nxb3 14. axb3 a6 15. 0-0 f6 16. Rfd1 Rf7 17. Bb6 Qd7 18. Ba5 Rb8 19. Nb6 Qc6 20. Ncd5 Bf8 21. Ra4 Ng7 22. Rc4 Qe8 23. Rc7 f5 24. Qg5 Qd8 25. Qxd8 Rxd8 26. Nc4 Rc8 27. Rxc8 Bxc8 28. Ndb6 Rc7 29. Nxd6 Bxd6 30. Rxd6 Be6 31. Nc4 Rc8 32. Nxe5 fxe4 33. c4 Bf5 34. g4 Be6 35. Rb6 Rc5 36. Bc3 Bc8 37. Rd6 Ne6 38. Nd7 Rc7 39. Nb6 Kf7 40. Nxc8 Rxc8 41. Rd7+ Kg8 1-0

[Event "ISR-ch (Women)"]
[Site "Beersheba"]
[Date "2014.06.25"]
[Round "9"]
[White "Brusilovski, Lena"]
[Black "Tsifanskaya, Ludmila A"]
[Result "1/2-1/2"]
[WhiteElo "2006"]
[BlackElo "2113"]
[PlyCount "29"]
[EventDate "2014.06.17"]
[EventType "tourn"]
[EventRounds "9"]
[EventCountry "ISR"]
[SourceTitle "CBM 161 Extra"]
[Source "ChessBase"]
[SourceDate "2014.08.29"]
[SourceVersion "1"]
[SourceVersionDate "2014.08.29"]
[SourceQuality "1"]

1. e4 c5 2. Nf3 Nc6 3. d4 cxd4 4. Nxd4 g6 5. c4 Bg7 6. Nc2 d6 7. Nc3 Nf6 8. Be2 0-0 9. 0-0 b6 10. Be3 Bb7 11. f3 Rc8 12. Rc1 Na5 13. b3 Nd7 14. Qd2 Re8 15. Rfd1 1/2-1/2